000 00641nam a2200277Ia 4500
005 20260324140442.0
008 008 260324s9999 xx 000 0 eng d
020 _a9781003572725
037 _aEBOOK
040 _aCRL
040 _beng
040 _cCRL
041 _2eng
041 _aeng
084 _qCRL
100 _aElizabeth Sirriyeh
_91204445
245 0 _aSufis and Anti-Sufis: The Defence,
260 _bTaylor and Francis
260 _c1998
365 _a
365 _b230
856 _uhttp://www.taylorfrancis.com/books/9781003572725
942 _cEBOOK
999 _c1806554
_d1806554